000 00515nam a2200157 i 4500
001 102390
003 ES-MaACL
007 t|
008 051110s1979 sp ||||1| spa d
100 1 _aMérida, María.
_980495
245 1 0 _aMis conversaciones con los Generales
_b: veinte entrevistas con altos mandos del Ejército y de la Armada /
_cMaría Mérida.
250 _a[1ª ed.].
260 _aBarcelona :
_bPlaza & Janés,
_c1979.
300 _a270 p., 10 lám. ;
_c22 cm.
852 _aES-MaACL
_jG-4331
_bR.99936
999 _c102390
_d102390